000 00373nam a2200133Ia 4500
008 220217s9999||||xx |||||||||||||| ||und||
020 _a9780074632178
082 _a621.4 KER
100 _aKern, Donald
245 0 _aProcess heat transfer
260 _aTata mcgraw hill company Ltd
_bNew Delhi
_c2010
300 _aXII, 871p.
_b570
650 _aHEAT AND MASS TRANSFOR
999 _c183936
_d183936